00438cam a22001097a 4500008004000000082001400040100003800054245014000092260005000232300001100282700003500293180718b1973 xxu||||| |||| 00| 0 eng d aT6x73 Un3 aGovernmental Efficiency Committee aReport of governmental efficiency committee on state -leased landcby Governmental Efficiency Committee, Department of Military Affairs aChicagobDepartment of Military Affairsc1973 a141+p. aDepartment of Military Affairs